000 00418nam a2200181Ia 4500
005 20240823041510.0
008 240823s9999||||xx |||||||||||||| ||und||
041 _aENGLISH
082 _A158.1 Q0
100 _aNalli Kupusami Settiyar
245 0 _aAayiram Eiravu Ontea Kanavu
250 _a2nd
260 _c2010
_bNanool
500 _aYES
650 _aTamil Books
_bGeneral
942 _cBK
999 _c205644
_d205644